[Event "CHAMPIONNAT DE BORDEAUX  2013"]
[Site "BORDEAUX"]
[Date "2013.05.08"]
[Round "2.2"]
[White "Perez, Patrick"]
[Black "Favarel, Julien"]
[Result "0-1"]
[WhiteElo "1796"]
[BlackElo "2300"]
[PlyCount "101"]

1. c4 e6 2. Nf3 d5 3. b3 Nf6 4. g3 Be7 5. Bg2 O-O 6. O-O c6 7. d3 a5 8. a3 Nbd7
9. Bb2 Bd6 10. Qc2 Re8 11. e4 dxe4 12. dxe4 e5 13. Nc3 Qe7 14. h3 Nb6 15. Rfd1
a4 16. Nxa4 Nxa4 17. bxa4 Nd7 18. Qd3 Bc7 19. Qc2 Nc5 20. Bc3 Nxa4 21. Bb4 c5
22. Bd2 Nb6 23. Be3 Be6 24. Nd2 Nd7 25. Kh2 Nb8 26. Nb3 b6 27. Qe2 Nc6 28. Qf1
Nd4 29. Bxd4 cxd4 30. f4 f6 31. f5 Bf7 32. Rdc1 Rxa3 33. Nd2 h6 34. Rab1 Ra2
35. Qd1 Rea8 36. Bf3 R8a3 37. Kh1 Rxd2 38. Qxd2 Rxf3 39. Ra1 Rxg3 40. Kh2 Ra3
41. Rab1 Kh7 42. Qg2 Bh5 43. Rg1 Re3 44. Rb2 d3 45. Qf2 Re2 46. Rxe2 dxe2 47.
Qh4 Qf7 48. Qg3 Bd6 49. Rb1 Qxc4 50. Rxb6 Qxe4 51. Rb2 0-1

[Event "CHAMPIONNAT DE BORDEAUX  2013"]
[Site "BORDEAUX"]
[Date "2013.05.12"]
[Round "8.1"]
[White "Quillien, Emmanuel"]
[Black "Favarel, Julien"]
[Result "1/2-1/2"]
[WhiteElo "2161"]
[BlackElo "2300"]
[PlyCount "69"]
[EventDate "2013.??.??"]

1. Nf3 d5 2. e3 Nf6 3. c4 e6 4. b3 Be7 5. Bb2 O-O 6. Be2 c5 7. O-O Nc6 8. cxd5
Nxd5 9. a3 Bf6 10. Qc2 Bxb2 11. Qxb2 b6 12. d3 Qf6 13. Qxf6 gxf6 14. Rc1 Bb7
15. Nc3 Rfd8 16. Rab1 Rac8 17. Rc2 Ba6 18. Kf1 Nde7 19. Ne1 Ne5 20. Rd1 Rd7 21.
d4 Bxe2+ 22. Nxe2 N5c6 23. Rdc1 Rb8 24. dxc5 bxc5 25. Rxc5 Rxb3 26. Rxc6 Nxc6
27. Rxc6 Rxa3 28. Nd4 Ra2 29. Nec2 Kg7 30. g4 a5 31. h4 Rb7 32. Kg2 Rb1 33. f4
Rc1 34. Kf3 a4 35. Ra6 1/2-1/2

[Event "CHAMPIONNAT DE BORDEAUX  2013"]
[Site "BORDEAUX"]
[Date "2013.05.13"]
[Round "9.2"]
[White "Favarel, Julien"]
[Black "Lagunes, Jean-Renaud"]
[Result "1-0"]
[WhiteElo "2300"]
[BlackElo "2009"]
[PlyCount "63"]

1. d4 g6 2. c4 Nf6 3. Nc3 Bg7 4. e4 d6 5. Nf3 O-O 6. Be2 e5 7. O-O Nc6 8. Be3
Bg4 9. d5 Ne7 10. Ne1 h5 11. f3 Bd7 12. c5 Kh7 13. Nd3 Neg8 14. Qd2 Bh6 15. f4
Bg4 16. fxe5 dxe5 17. Bxg4 Bxe3+ 18. Qxe3 Nxg4 19. Qe2 f6 20. Rad1 Qe7 21. h3
N4h6 22. b4 a5 23. b5 b6 24. d6 Qd7 25. dxc7 bxc5 26. Nxe5 Qe6 27. Nc4 Nf7 28.
b6 Ne5 29. Nxe5 Qxb6 30. Nd7 Qxc7 31. Nxf8+ Rxf8 32. e5 1-0

[Event "CHAMPIONNAT DE BORDEAUX  2013"]
[Site "BORDEAUX"]
[Date "2013.05.12"]
[Round "9.3"]
[White "Schwarzberg, Christian"]
[Black "Quillien, Emmanuel"]
[Result "0-1"]
[WhiteElo "1830"]
[BlackElo "2161"]
[PlyCount "72"]

1. e4 e5 2. Nf3 d6 3. d4 exd4 4. Nxd4 Nf6 5. Nc3 Be7 6. Bc4 O-O 7. Bb3 Na6 8.
O-O Nc5 9. Re1 Re8 10. f3 c6 11. Be3 a5 12. Nde2 a4 13. Bxc5 axb3 14. Bf2 bxa2
15. Rxa2 Rxa2 16. Nxa2 d5 17. e5 Nd7 18. f4 Nc5 19. Nac3 Bf8 20. Nd4 Ne6 21.
Nce2 Nxd4 22. Nxd4 c5 23. Nf3 d4 24. Qd3 Qb6 25. c3 dxc3 26. Qxc3 Qc6 27. Rc1
Rd8 28. Bxc5 Bxc5+ 29. Qxc5 Rd1+ 30. Kf2 Rxc1 31. Qxc6 bxc6 32. Nd4 Rc4 33. Ke3
Be6 34. f5 Bd5 35. e6 fxe6 36. fxe6 Rxd4 0-1

[Event "CHAMPIONNAT DE BORDEAUX  2013"]
[Site "BORDEAUX"]
[Date "2013.05.13"]
[Round "9.4"]
[White "Perez, Patrick"]
[Black "Favarel, Antoine"]
[Result "0-1"]
[WhiteElo "1796"]
[BlackElo "2370"]
[PlyCount "92"]

1. c4 e5 2. g3 Nf6 3. Bg2 d5 4. cxd5 Nxd5 5. Nc3 Nb6 6. Nf3 Nc6 7. O-O Be7 8.
d3 O-O 9. Be3 Re8 10. Bxb6 axb6 11. a3 Bf8 12. Nd2 Nd4 13. Rc1 c6 14. Nf3 Be6
15. e3 Nxf3+ 16. Bxf3 g6 17. Qc2 Bg7 18. Rcd1 Qd7 19. Na4 Qc7 20. Nc3 Rad8 21.
Rd2 Rd7 22. Rc1 f5 23. Bg2 Qd8 24. Rcd1 Rd6 25. Bf3 Qd7 26. Be2 Qf7 27. Re1
Red8 28. Bf1 h5 29. Be2 Bb3 30. Qb1 Kh7 31. Bf1 Bh6 32. Be2 Qd7 33. Bf1 c5 34.
f4 Bg7 35. Nd1 Bxd1 36. Rexd1 exf4 37. exf4 Re8 38. Bg2 Bd4+ 39. Kh1 Rde6 40.
h3 Re3 41. Kh2 h4 42. gxh4 Qe7 43. Rf1 Qxh4 44. Qc2 Rxh3+ 45. Bxh3 Re3 46. Rg2
Rxh3# 0-1

[Event "CHAMPIONNAT DE BORDEAUX  2013"]
[Site "BORDEAUX"]
[Date "2013.05.12"]
[Round "9.5"]
[White "Lapeyre, Pierre"]
[Black "Goulesque, Camille"]
[Result "1-0"]
[WhiteElo "2033"]
[BlackElo "1871"]
[PlyCount "67"]

1. f4 c5 2. Nf3 a6 3. g3 b5 4. Bg2 Bb7 5. d3 e6 6. e4 d5 7. O-O Nc6 8. a4 Be7
9. axb5 axb5 10. Rxa8 Bxa8 11. Nc3 b4 12. Ne2 dxe4 13. dxe4 Qxd1 14. Rxd1 Nf6
15. Nd2 O-O 16. Nc4 Nd4 17. Nxd4 cxd4 18. e5 Nd5 19. Bd2 Bc5 20. Kf1 Bc6 21.
Ra1 Ra8 22. Rxa8+ Bxa8 23. Na5 Ne3+ 24. Bxe3 Bxg2+ 25. Kxg2 dxe3 26. Kf3 Kf8
27. Ke2 Ke7 28. b3 Kd7 29. Nc4 Kc6 30. Nxe3 Kb5 31. Kd3 Bb6 32. Ke4 g6 33. g4
Kc6 34. g5 1-0

[Event "CHAMPIONNAT DE BORDEAUX  2013"]
[Site "BORDEAUX"]
[Date "2013.05.12"]
[Round "9.1"]
[White "Ternault, Mathieu"]
[Black "Lacroix, Romain"]
[Result "1/2-1/2"]
[WhiteElo "2161"]
[BlackElo "2162"]
[PlyCount "126"]
[EventDate "2013.??.??"]

1. d4 Nf6 2. Nf3 e6 3. Bg5 h6 4. Bxf6 Qxf6 5. e4 d6 6. Nc3 Nd7 7. Qd2 a6 8.
O-O-O b5 9. e5 Qd8 10. d5 Nxe5 11. dxe6 Bxe6 12. Nd4 Be7 13. Kb1 O-O 14. Nxe6
fxe6 15. f4 Nc4 16. Bxc4 bxc4 17. Qe2 Qd7 18. Qxc4 Rab8 19. Rhe1 Bf6 20. Rxe6
d5 21. Qc6 Qxc6 22. Rxc6 Bxc3 23. Rxc3 Rxf4 24. Rxc7 Rf2 25. a4 Rxg2 26. Rxd5
Rxh2 27. Rd6 Rg2 28. Rxa6 h5 29. Ra5 h4 30. Rh5 Rb4 31. b3 Rg6 32. a5 Rbg4 33.
Rc8+ Kf7 34. Rch8 Ra6 35. Rxh4 Rg2 36. Kb2 Rxa5 37. Rh1 Rag5 38. R8h2 R2g4 39.
Rh4 Rg2 40. b4 Rf5 41. Rh5 g5 42. Rh6 g4 43. Rc6 Kg7 44. Rd1 Rgf2 45. Rd7+ Rf7
46. Rxf7+ Kxf7 47. Rc4 g3 48. Rg4 g2 49. b5 Ke6 50. Kb3 Kd6 51. Rg5 Rf5 52.
Rg6+ Kc5 53. b6 g1=Q 54. Rxg1 Kxb6 55. Rg4 Rh5 56. c3 Kc6 57. Rg3 Kc7 58. Kb4
Rf5 59. c4 Rh5 60. c5 Rh1 61. Rg7+ Kc6 62. Rg6+ Kc7 63. Rg7+ Kc6 1/2-1/2